The Ancient Maya (Record no. 9333)
[ view plain ]
| 000 -CABECERA | |
|---|---|
| campo de control de longitud fija | 00834nam a2200265 a 4500 |
| 001 - NÚMERO DE CONTROL | |
| campo de control | BRL_521 |
| 005 - FECHA Y HORA DE LA ÚLTIMA TRANSACCIÓN | |
| campo de control | 20190320210801.0 |
| 008 - DATOS DE LONGITUD FIJA--INFORMACIÓN GENERAL | |
| campo de control de longitud fija | 270813s1947----cauab#####---#000-0#eng-# |
| 041 ## - CÓDIGO DE LENGUA | |
| Código de lengua del texto/banda sonora o título independiente | eng |
| 044 ## - CÓDIGO DEL PAÍS DE LA ENTIDAD EDITORA/PRODUCTORA | |
| Código MARC del país | cau |
| 050 #4 - SIGNATURA TOPOGRÁFICA DE LA BIBLIOTECA DEL CONGRESO | |
| Número de clasificación | F1435 |
| Número de documento/Ítem | .M67 1947 |
| 100 1# - ENTRADA PRINCIPAL--NOMBRE DE PERSONA | |
| Nombre de persona | Morley, Sylvanus Griswold |
| Fechas asociadas al nombre | 1883-1948 |
| 9 (RLIN) | 24181 |
| 245 10 - MENCIÓN DE TÍTULO | |
| Título | The Ancient Maya |
| Mención de responsabilidad, etc. | Sylvanus Griswold Morley |
| 250 ## - MENCIÓN DE EDICIÓN | |
| Mención de edición | 2 |
| 260 ## - PUBLICACIÓN, DISTRIBUCIÓN, ETC. | |
| Lugar de publicación, distribución, etc. | Universidad de Stanford, California |
| Nombre del editor, distribuidor, etc. | Stanford University Press |
| Fecha de publicación, distribución, etc. | 1947 |
| 300 ## - DESCRIPCIÓN FÍSICA | |
| Extensión | xxxii, 520 p. |
| Otras características físicas | 95 láminas (mapas, facsimiles) |
| Dimensiones | 24 cm. |
| Material acompañante/anejo | 1 tabla cronológica |
| 500 ## - NOTA GENERAL | |
| Nota general | Au585 |
| 504 ## - NOTA DE BIBLIOGRAFÍA, ETC. | |
| Nota de bibliografía, etc. | Bibliografía clasificada: p.467-502 |
| 504 ## - NOTA DE BIBLIOGRAFÍA, ETC. | |
| Nota de bibliografía, etc. | Se rompio la guarda de la parte del lomo. |
| 650 14 - PUNTO DE ACCESO ADICIONAL DE MATERIA--TÉRMINO DE MATERIA | |
| Término de materia o nombre geográfico como elemento de entrada | Mayas |
| Subdivisión general | Antigüedades |
| 9 (RLIN) | 9555 |
| 650 14 - PUNTO DE ACCESO ADICIONAL DE MATERIA--TÉRMINO DE MATERIA | |
| Término de materia o nombre geográfico como elemento de entrada | Mayas |
| 9 (RLIN) | 8077 |
| 650 14 - PUNTO DE ACCESO ADICIONAL DE MATERIA--TÉRMINO DE MATERIA | |
| Término de materia o nombre geográfico como elemento de entrada | Mayas |
| Subdivisión de forma | Bibliografía |
| 9 (RLIN) | 24182 |
| 902 ## - CATALOGADOR | |
| Iniciales | GRL |
| 942 ## - ELEMENTOS DE PUNTO DE ACCESO ADICIONAL (KOHA) | |
| Fuente del sistema de clasificación o colocación | Library of Congress Classification |
| Tipo de ítem Koha | Libros |
| Estado de retiro | Estado de pérdida | Estado dañado | No para préstamo | Localización permanente | Ubicación/localización actual | Fecha de adquisición | Número de inventario | Total de préstamos | Signatura topográfica completa | Código de barras | Fecha visto por última vez | Precio válido a partir de | Tipo de ítem Koha |
|---|---|---|---|---|---|---|---|---|---|---|---|---|---|
| El ejemplar forma parte de la colección y puede ser consultado según las políticas vigentes. | Biblioteca Centro de Estudios Ruth D. Lechuga | Biblioteca Centro de Estudios Ruth D. Lechuga | 27/08/2013 | Au585 | F1435 .M67 1947 (Au585) | GRL00575 | 22/03/2019 | 22/03/2019 | Libros |